Tous les Zelda sur Switch - Statistiques

Statistiques générales
  • Ce quiz a été pris 224 fois
    78 depuis la dernière actualisation
  • Le résultat moyen est 3 sur 5
Statistiques - réponses
Date sortie Nom % Correct
03/2017 The Legend of Zelda : Breath of the Wild
99%
09/2024 The Legend of Zelda: Echoes of Wisdom
71%
09/2019 The Legend of Zelda : Link's Awakening
60%
05/2023 The Legend of Zelda : Tears of the Kingdom
60%
07/2021 The Legend of Zelda : Skyward Sword HD
24%
Aucun quiz correspondant
Distribution des résultats
% des personnes avec chaque résultat
Percentile par nombre de réponses
Votre historique - résultats
Vous n’avez pas pris ce quiz depuis la dernière actualisation